000 00337 a2200121 4500
001 ART_44138
005 20260410161629.0
008 260409a
245 1 0 _aEl proyecto Nº 39 de resolución técnica
100 1 _aDíaz, Teresa
700 1 _aPozzi, Nélida B.
773 0 _tEnfoques
_g- Nº 10 (oct. 2017)
_wREV416
999 _c12309
_d12309